000
00277nam a22000977a 4500
005
20250901165331.0
008
210312b ||||| |||| 00| 0 eng d
050
_a
TK7867
245
_a
Linear electronic circuits
_c
LEON, BENJAMIN J.
942
_2
lcc
_h
TK7867 .L46 1968
999
_c
2316
_d
2316